000 00640cam a22002173a 4500
001 44672
003 PGUSA
005 20140828084023.0
008 140115s2014||||xxu|||||s|||||000 | eng d
040 _aPGUSA
_beng
042 _adc
100 1 _aAimard, Gustave,
_d1818-1883
245 1 0 _aStronghand ;
_bor, The Noble Revenge
_h[electronic resource] /
_cGustave Aimard
260 _bProject Gutenberg,
_c2014
506 _aPublic domain in the USA.
516 _aElectronic text
700 1 _aWraxall, Lascelles,
_cSir,
_d1828-1865
830 0 _aProject Gutenberg
_v44672
856 4 0 _uhttp://www.gutenberg.org/ebooks/44672
942 _cEB
999 _c273923
_d273923